Quo Vadis, Medicus? : Health Behaviour among Health Professionals and Students.

Bibliographic Details
Main Author: Laudanska-Krzeminska, Ida.
Format: eBook
Language:English
Published: Warschau/Berlin : Walter de Gruyter GmbH, 2016.
Edition:1st ed.
Subjects:
Online Access:Click to View
LEADER 02039nam a22003853i 4500
001 EBC5494982
003 MiAaPQ
005 20231204023214.0
006 m o d |
007 cr cnu||||||||
008 231204s2016 xx o ||||0 eng d
020 |a 9783110472172  |q (electronic bk.) 
020 |z 9783110472165 
035 |a (MiAaPQ)EBC5494982 
035 |a (Au-PeEL)EBL5494982 
035 |a (OCoLC)1088341162 
040 |a MiAaPQ  |b eng  |e rda  |e pn  |c MiAaPQ  |d MiAaPQ 
050 4 |a RC965.M39 
082 0 |a 610.69 
100 1 |a Laudanska-Krzeminska, Ida. 
245 1 0 |a Quo Vadis, Medicus? :  |b Health Behaviour among Health Professionals and Students. 
250 |a 1st ed. 
264 1 |a Warschau/Berlin :  |b Walter de Gruyter GmbH,  |c 2016. 
264 4 |c Ã2015. 
300 |a 1 online resource (136 pages) 
336 |a text  |b txt  |2 rdacontent 
337 |a computer  |b c  |2 rdamedia 
338 |a online resource  |b cr  |2 rdacarrier 
505 0 |a Intro -- Contents -- Introduction -- 1 Health Behaviour and Health Status - What do We Bring to the 3rd Millennium? -- 2 Psychosocial Determinants of Health Behaviour - Can We Modify the Lifestyle ? -- 3 Health Behaviour of Health Professionals - What Should it Be Like? -- 4 Health behaviour and its determinants -- 5 Current and Future Health Professionals as "Role Models " for Patients (Clients) - Implications for the Health Promotion Programme -- Bibliography -- List of Figures -- List of Tables -- Index. 
588 |a Description based on publisher supplied metadata and other sources. 
590 |a Electronic reproduction. Ann Arbor, Michigan : ProQuest Ebook Central, 2023. Available via World Wide Web. Access may be limited to ProQuest Ebook Central affiliated libraries.  
655 4 |a Electronic books. 
776 0 8 |i Print version:  |a Laudanska-Krzeminska, Ida  |t Quo Vadis, Medicus?  |d Warschau/Berlin : Walter de Gruyter GmbH,c2016  |z 9783110472165 
797 2 |a ProQuest (Firm) 
856 4 0 |u https://ebookcentral.proquest.com/lib/matrademy/detail.action?docID=5494982  |z Click to View